Algebra
Na minha lista:
| Autor principal: | |
|---|---|
| Outros Autores: | |
| Formato: | Livro |
| Idioma: | espanhol |
| Publicado em: |
Valparaíso
Instituto de Matemáticas Universidad Católica de Valparaíso
2006
|
| Edição: | 4a. ed |
| Assuntos: | |
| Tags: |
Adicionar Tag
Sem tags, seja o primeiro a adicionar uma tag!
|
MARC
| LEADER | 00000cam a2200000 a 4500 | ||
|---|---|---|---|
| 001 | UCE0295 | ||
| 003 | CL-VaPUC | ||
| 008 | 140109e20060000cl |||||||||||||||||spa|d | ||
| 082 | 0 | 4 | |a 512 |b FIG |2 21 |
| 100 | 0 | |a Figueroa Rebolledo, Gladys |e author |9 572683 | |
| 700 | |a Fierro Pradenas, Raúl Alejandro |e autor |9 572684 | ||
| 245 | 1 | 0 | |a Algebra |
| 250 | |a 4a. ed | ||
| 300 | |a 267 p | ||
| 942 | |c BK | ||
| 945 | |d 20140109 11:50:00 |a dcastane | ||
| 260 | |a Valparaíso |b Instituto de Matemáticas Universidad Católica de Valparaíso |c 2006 | ||
| 650 | 0 | |a Álgebra |9 259567 | |
| 650 | 0 | |a Teoría de conjuntos |9 265668 | |
| 650 | 0 | |a Trigonometría |9 259568 | |
| 650 | 0 | |a Números complejos |9 270335 | |
| 650 | 0 | |a Números naturales |9 266064 | |
| 650 | 0 | |a Polinomios |9 270626 | |
| 650 | 0 | |a Geometría vectorial |9 358887 | |
| 583 | |a last modification |c 20140109 11:50:00 |k Rodrigo Vera | ||
| 999 | |c 354494 |d 354492 | ||
| 952 | |0 0 |1 0 |3 erb |4 0 |6 512_000000000000000_FIG_2006 |7 0 |8 A |9 460416 |a BIBING |b BIBING |i 5046920 |l 4 |o 512 FIG 2006 |p 5046920 |r 2025-04-22 |s 2025-04-16 |w 2019-11-23 |y BK |z Catalogado en:20140109 |k EIB | ||
| 952 | |0 0 |1 0 |3 erb |4 0 |6 512_000000000000000_FIG_2006 |7 0 |8 A |9 460417 |a BIBING |b BIBING |i 5046939 |l 6 |m 1 |o 512 FIG 2006 |p 5046939 |r 2025-04-22 |s 2025-04-08 |w 2019-11-23 |y BK |z Catalogado en:20140109 |k EIB | ||
| 952 | |0 0 |1 0 |3 erb |4 0 |6 512_000000000000000_FIG_2006 |7 0 |8 A |9 460418 |a BIBING |b BIBING |i 5046947 |l 5 |m 4 |o 512 FIG 2006 |p 5046947 |r 2025-01-20 |s 2024-05-09 |w 2019-11-23 |y BK |z Catalogado en:20140109 |k EIB | ||
| 952 | |0 0 |1 0 |3 erb |4 0 |6 512_000000000000000_FIG_2006 |7 0 |8 A |9 460419 |a BIBING |b BIBING |i 5046955 |l 2 |o 512 FIG 2006 |p 5046955 |r 2025-01-20 |s 2023-08-07 |w 2019-11-23 |y BK |z Catalogado en:20140109 |k EIB | ||
| 952 | |0 0 |1 0 |3 erb |4 0 |6 512_000000000000000_FIG_2006 |7 0 |8 A |9 460420 |a BIBING |b BIBING |i 5046963 |l 1 |o 512 FIG 2006 |p 5046963 |r 2025-01-20 |s 2023-08-07 |w 2019-11-23 |y BK |z Catalogado en:20140109 |k EIB | ||
| 952 | |0 0 |1 0 |3 erb |4 0 |6 512_000000000000000_FIG_2006 |7 0 |8 A |9 460421 |a BIBING |b BIBING |i 5046971 |l 1 |o 512 FIG 2006 |p 5046971 |r 2025-01-20 |s 2023-08-07 |w 2019-11-23 |y BK |z Catalogado en:20140109 |k EIB | ||
| 952 | |0 0 |1 0 |3 erb |4 0 |6 512_000000000000000_FIG_2006 |7 0 |8 A |9 460422 |a BIBING |b BIBING |i 504698K |l 3 |o 512 FIG 2006 |p 504698K |r 2025-01-20 |s 2023-08-07 |w 2019-11-23 |y BK |z Catalogado en:20140109 |k EIB | ||
| 952 | |0 0 |1 0 |3 erb |4 0 |6 512_000000000000000_FIG_2006 |7 0 |8 A |9 460423 |a BIBING |b BIBING |i 5046998 |l 4 |m 1 |o 512 FIG 2006 |p 5046998 |r 2025-01-20 |s 2024-06-10 |w 2019-11-23 |y BK |z Catalogado en:20140109 |k EIB | ||
| 952 | |0 0 |1 0 |3 erb |4 0 |6 512_000000000000000_FIG_2006 |7 0 |8 A |9 460424 |a BIBING |b BIBING |i 5047005 |l 2 |m 4 |o 512 FIG 2006 |p 5047005 |r 2025-01-20 |s 2023-08-09 |w 2019-11-23 |y BK |z Catalogado en:20140109 |k EIB | ||
| 952 | |0 0 |1 0 |3 erb |4 0 |6 512_000000000000000_FIG_2006 |7 0 |8 A |9 460425 |a BIBING |b BIBING |i 5047013 |l 2 |m 1 |o 512 FIG 2006 |p 5047013 |r 2025-01-20 |s 2024-09-02 |w 2019-11-23 |y BK |z Catalogado en:20140109 |k EIB | ||